IOS application development with OpenCV 3: create four mobile apps and explore the world through photography and computer vision. (Record no. 196593)
[ view plain ]
| 000 -LEADER | |
|---|---|
| fixed length control field | 00594nam a2200157Ia 4500 |
| 008 - FIXED-LENGTH DATA ELEMENTS--GENERAL INFORMATION | |
| fixed length control field | 210716s2016 xx 000 0 und d |
| 020 ## - INTERNATIONAL STANDARD BOOK NUMBER | |
| International Standard Book Number | 9781785289491 |
| 041 ## - LANGUAGE CODE | |
| Language code of text/sound track or separate title | eng |
| 082 ## - DEWEY DECIMAL CLASSIFICATION NUMBER | |
| Classification number | 621.3821 HOWJ |
| 100 ## - MAIN ENTRY--PERSONAL NAME | |
| Personal name | Howse, Joseph. |
| 245 ## - TITLE STATEMENT | |
| Title | IOS application development with OpenCV 3: create four mobile apps and explore the world through photography and computer vision. |
| Remainder of title | Create four mobile apps and explore the world through photography and computer vision. |
| 250 ## - EDITION STATEMENT | |
| Edition statement | 1 |
| 260 ## - PUBLICATION, DISTRIBUTION, ETC. | |
| Place of publication, distribution, etc. | Mumbai |
| Name of publisher, distributor, etc. | Packt Publishing Ltd |
| Date of publication, distribution, etc. | 2016 |
| 300 ## - PHYSICAL DESCRIPTION | |
| Extent | x,206 |
| 650 ## - SUBJECT ADDED ENTRY--TOPICAL TERM | |
| Topical term or geographic name entry element | Communication Network(621.3821) |
| Withdrawn status | Lost status | Damaged status | Not for loan | Collection code | Home library | Current library | Source of acquisition | Cost, normal purchase price | Total Checkouts | Full call number | Barcode | Date last seen | Cost, replacement price | Price effective from | Koha item type |
|---|---|---|---|---|---|---|---|---|---|---|---|---|---|---|---|
| MCA | St Aloysius Institute of Management & Information Technology | St Aloysius Institute of Management & Information Technology | Knowledge World | 799.00 | 621.3821 HOWJ | MCA16108 | 07/21/2025 | 599.25 | 07/16/2021 | Book |